000 00655nam a2200265Ia 4500
005 20260121170348.0
008 008 260114s9999 xx 000 0 eng d
020 _a9789811066054
037 _aEBOOK
040 _aCRL
040 _beng
040 _cCRL
041 _2eng
041 _aeng
084 _qCRL
100 _aChandrakasan Sivaperuman, Krishnamoorthy Venkataraman
_91062952
245 0 _aIndian Hotspots
260 _bSpringer
260 _bSpringer
260 _c2018
856 _uhttps://link.springer.com/openurl?genre=book&isbn=978-981-10-6605-4
942 _cEBOOK
999 _c1628681
_d1628681